Assassination Classroom- Expressions du visage de M.Koro - Statistiques

Statistiques générales
  • Ce quiz a été pris 507 fois
  • Le résultat moyen est 7 sur 11
Statistiques - réponses
Hint Réponse % Correct
Jaune Couleur de base
82%
Violet+Croix Mauvaise réponse OU Désaccord
79%
Rose clair Gêné OU Timide OU Pensées érotiques
76%
Orange+Cercle rouge Bonne réponse OU Accord
72%
Noir Furieux
67%
Jaune+Bandes vertes Moqueur OU Supériorité
67%
Rouge En colère
65%
Blanc Sérieux OU Neutre
53%
Bleu clair Triste
51%
Rose pâle Fatigué après le déjeuner
39%
Bleu Choqué
28%
Aucun quiz correspondant
Distribution des résultats
% des personnes avec chaque résultat
Percentile par nombre de réponses
Votre historique - résultats
Vous n’avez pas pris ce quiz